impossible fast typing to 80 - Statistics

General Stats
  • This quiz has been taken 4,297 times
  • The average score is 50 of 80
Answer Stats
Hint Answer % Correct
1
100%
2
99%
3
98%
4
97%
5
97%
6
97%
7
96%
8
96%
9
95%
10
92%
11
89%
12
89%
13
88%
14
87%
15
87%
16
86%
18
86%
17
85%
19
85%
21
85%
20
84%
22
82%
23
82%
24
81%
25
81%
26
80%
27
80%
28
80%
29
79%
31
79%
30
77%
32
76%
33
74%
34
74%
35
72%
36
72%
37
71%
38
71%
39
69%
41
69%
40
67%
42
66%
43
65%
44
64%
45
63%
46
60%
47
60%
48
58%
49
57%
50
55%
51
55%
52
52%
53
51%
54
50%
55
49%
56
46%
57
43%
58
42%
59
42%
60
41%
61
40%
62
36%
63
35%
64
34%
65
32%
66
32%
67
28%
68
25%
71
25%
69
24%
70
24%
72
22%
73
21%
74
20%
75
18%
76
18%
77
18%
80
17%
78
16%
79
15%
No matching quizzes found
Score Distribution
Percent of People with Each Score
Percentile by Number Answered
Your Score History
You have not taken this quiz